000 00669nam a22002297a 4500
003 UA-OsUOA
001 86430
007 ta
008 20120903b un ||||| |||| 00| 0 ukr d
100 _aСупруненко Н.И.
090 _a94(477).09
_bС89
942 _cBK
040 _aUA-OsUOA
_brus
_cUA-OsUOA
_dUA-OsUOA
245 _aУкраина в Великой Отечественной войне
_b(1941 - 1945 гг.)
300 _a472 с.
955 _a2
041 _arus
080 _a94(477).09
260 _aК.
_bГосиздполлит УССР
_c1956
650 7 _a9 Географія. Біографії. Історія
_2UDC
999 _c372771
_d372771